000
002430000a22000970004500
100
1
_a
Carter, Isabel (Gordon) (1897- )
245
1
0
_a
El valor de trabajar juntos
300
_a
Núm 54 (2003), Páginas 10-11
773
0
_t
Paso a paso
942
_c
ANA
999
_c
52682
_d
52682